[Event "Avoine op 22nd"]
[Site "Avoine"]
[Date "2007.07.28"]
[Round "8"]
[White "Romain, Xavier"]
[Black "Bosch, Joachim"]
[Result "1-0"]
[WhiteElo "1827"]
[BlackElo "2033"]
[PlyCount "47"]
[EventDate "2007.07.21"]
[EventType "swiss"]
[EventRounds "9"]
[EventCountry "FRA"]
[SourceTitle "EXT 2010"]
[Source "ChessBase"]
[SourceDate "2010.11.25"]
[SourceVersion "1"]
[SourceVersionDate "2010.11.25"]
[SourceQuality "1"]

1. e4 c5 2. Nf3 e6 3. d4 cxd4 4. Nxd4 a6 5. Nc3 Qc7 6. Bd3 Nf6 7. 0-0 Be7 8. Kh1 0-0 9. Qe2 d6 10. f4 Nc6 11. Be3 Re8 12. a4 Nxd4 13. Bxd4 e5 14. Be3 exf4 15. Bxf4 b6 16. h3 Bb7 17. Qf2 Bf8 18. Rae1 Bc6 19. Bg5 Re6 20. Bc4 Nxe4 21. Nxe4 Rxe4 22. Rxe4 Bxe4 23. Bxf7+ Kh8 24. Be8 1-0

[Event "Avoine op 22nd"]
[Site "Avoine"]
[Date "2007.07.27"]
[Round "7"]
[White "Picard, Remi"]
[Black "Romain, Xavier"]
[Result "1/2-1/2"]
[WhiteElo "1997"]
[BlackElo "1827"]
[PlyCount "56"]
[EventDate "2007.07.21"]
[EventType "swiss"]
[EventRounds "9"]
[EventCountry "FRA"]
[SourceTitle "EXT 2010"]
[Source "ChessBase"]
[SourceDate "2010.11.25"]
[SourceVersion "1"]
[SourceVersionDate "2010.11.25"]
[SourceQuality "1"]

1. e4 c5 2. c3 Nf6 3. e5 Nd5 4. Nf3 Nc6 5. Bc4 Nb6 6. Bb3 c4 7. Bc2 Qc7 8. Qe2 g5 9. h3 Bg7 10. 0-0 Nxe5 11. Nxg5 d5 12. d4 cxd3 13. Bxd3 h6 14. Bb5+ Bd7 15. Bxd7+ Nbxd7 16. Nf3 0-0-0 17. Na3 a6 18. Bf4 Nxf3+ 19. Qxf3 Be5 20. Bxe5 Nxe5 21. Qe3 Rhg8 22. Rac1 Rg6 23. f4 Nc4 24. Nxc4 dxc4 25. Rce1 Rdg8 26. Re2 e6 27. Rd2 Qc6 28. Rf3 h5 1/2-1/2

[Event "FRA-ch U18"]
[Site "Le Grand Bornand"]
[Date "2007.04.12"]
[Round "6"]
[White "Frederic, Clement"]
[Black "Romain, Xavier"]
[Result "1-0"]
[WhiteElo "2241"]
[BlackElo "1755"]
[PlyCount "75"]
[EventDate "2007.04.07"]
[EventType "swiss"]
[EventRounds "9"]
[EventCountry "FRA"]
[SourceTitle "CBM 118 Extra"]
[Source "ChessBase"]
[SourceDate "2007.07.04"]
[SourceVersion "1"]
[SourceVersionDate "2007.07.04"]
[SourceQuality "1"]

1. e4 c5 2. Nf3 d6 3. d4 cxd4 4. Nxd4 Nf6 5. Nc3 a6 6. Be3 e5 7. Nb3 Be6 8. f3 Nbd7 9. g4 Nb6 10. Qd2 Be7 11. 0-0-0 Qc7 12. g5 Nh5 13. Kb1 0-0 14. Qf2 Bd8 15. h4 Nc4 16. Bxc4 Bxc4 17. Nd5 Bxd5 18. Rxd5 Qc6 19. Qd2 Bc7 20. Na5 Bxa5 21. Qxa5 f5 22. Rhd1 Rac8 23. Qd2 fxe4 24. Rxd6 Qc4 25. b3 Qc3 26. fxe4 Ng3 27. Qd3 a5 28. Bd2 Qc5 29. Qd5+ Qxd5 30. Rxd5 Rce8 31. Re1 b6 32. Bc3 Rf4 33. Rxe5 Rc8 34. Bd4 Rxh4 35. Bxb6 a4 36. Bf2 Rh2 37. Bxg3 Rcxc2 38. Bxh2 1-0

[Event "FRA-ch U18"]
[Site "Le Grand Bornand"]
[Date "2007.04.09"]
[Round "3"]
[White "Romain, Xavier"]
[Black "Wunderman, Xavier"]
[Result "1-0"]
[WhiteElo "1755"]
[BlackElo "2136"]
[PlyCount "79"]
[EventDate "2007.04.07"]
[EventType "swiss"]
[EventRounds "9"]
[EventCountry "FRA"]
[SourceTitle "CBM 118 Extra"]
[Source "ChessBase"]
[SourceDate "2007.07.04"]
[SourceVersion "1"]
[SourceVersionDate "2007.07.04"]
[SourceQuality "1"]

1. e4 c6 2. c4 d6 3. d4 Nd7 4. Nc3 e5 5. d5 Ngf6 6. Bd3 Be7 7. Nge2 a6 8. 0-0 0-0 9. Ng3 Nc5 10. h3 Bd7 11. b4 Nxd3 12. Qxd3 Rc8 13. a4 cxd5 14. Nxd5 Nxd5 15. cxd5 b5 16. a5 Rc4 17. Bd2 Bg5 18. f4 exf4 19. Bxf4 Bxf4 20. Rxf4 Rxb4 21. Raf1 Qxa5 22. Nh5 Qb6+ 23. Kh1 f5 24. Qc3 Qd4 25. Qc7 g5 26. R4f3 Be8 27. Ng3 f4 28. Qxd6 Ra4 29. e5 Ra1 30. Nf5 Rxf1+ 31. Rxf1 Qd3 32. Nh6+ Kg7 33. Qe7+ Rf7 34. Qxg5+ Kf8 35. Qg8+ Ke7 36. d6+ Kd7 37. Rc1 f3 38. Rc7+ Ke6 39. Qxe8+ Kd5 40. Qxf7+ 1-0